Ensayo sobre la mediocridad /
Saved in:
| Main Author: | |
|---|---|
| Format: | Unknown |
| Language: | Spanish |
| Published: |
San José, Costa Rica :
Editorial de la Universidad de Costa Rica,
1992.
|
| Subjects: | |
| Tags: |
Add Tag
No Tags, Be the first to tag this record!
|
MARC
| LEADER | 000000000a22000000004500 | ||
|---|---|---|---|
| 001 | 003279 | ||
| 020 | |a 9977671915 | ||
| 041 | 0 | |a spa | |
| 082 | 0 | 4 | |a 170.202 |b C172e |
| 100 | 1 | |a Camacho Naranjo, Luis | |
| 245 | 1 | 0 | |a Ensayo sobre la mediocridad / |c Luis Camacho Naranjo. |
| 260 | 1 | |a San José, Costa Rica : |b Editorial de la Universidad de Costa Rica, |c 1992. | |
| 300 | |a 80 páginas | ||
| 650 | 4 | |a ETICA | |
| 650 | 4 | |a MEDIOCRIDAD | |
| 999 | |c 9539 |d 9539 | ||
| 942 | |c BK |h 170.202 C172e |2 z | ||



